000 00897nam a2200241Ia 4500
003 GCL
008 140319s9999 xx 000 0 ara d
040 _aGCL /
_cGCL
082 0 4 _a320.5
_bا ن
100 1 _aديمترى، اديب
245 1 0 _aنفى العقل :
_bمج 1 عصر الفاشيات وهزيمة العقل \ مج 2 جذور العرقية واسطورة الجنس المتفوق /
_cديمترى، اديب
250 _aالاولى
260 _aسوريا :
_bدار كنعان للدراسات والنشر ،
_c2006
300 _a2 مج ؛
_c20 سم
650 0 4 _aالصهيونية
650 0 4 _aالنازية
650 0 4 _aالعنصرية
650 0 4 _aالفاشية
650 0 4 _aالصهيونية واليهودية
650 0 4 _aالاشتراكية والصهيونية
650 0 4 _aاليهود - الاحوال السياسية
942 _2ddc
_cBK
999 _c8121
_d8121